[Event "Xtracon Chess Open 2017"]
[Site "Helsingor DEN"]
[Date "2017.07.25"]
[Round "5.200"]
[White "Hansen, Anders2"]
[Black "Gelders, Hanne"]
[Result "1/2-1/2"]
[WhiteElo "1624"]
[BlackElo "1206"]
[WhiteFideId "1711237"]
[BlackFideId "249033"]
[EventDate "2017.07.22"]

1. b3 e5 2. Bb2 Nc6 3. e3 d6 4. g3 Be6 5. Bg2 g6 6. d4 exd4 7. exd4 Bg7 8. Nf3
Nge7 9. O-O O-O 10. Qd2 Re8 11. c4 d5 12. Na3 Nf5 13. Rad1 Qd7 14. Nc2 dxc4 15.
d5 Bxb2 16. dxe6 Qxe6 17. bxc4 Qxc4 18. Ne3 Nxe3 19. fxe3 Bc3 20. Qf2 Qe6 21.
Rd3 Bf6 22. Kh1 Rad8 23. Rb3 b6 24. Nd2 Bg5 25. Ne4 Be7 26. Rc3 Ne5 27. Rxc7 Ng4
28. Qf3 Ne5 29. Qe2 a5 30. Rfc1 Kg7 31. Qb2 Kg8 32. Qb5 h6 33. Qe2 Kg7 34. Nf2
Kg8 35. e4 Qf6 36. Ng4 Nxg4 37. Qxg4 Qg5 38. Qe2 Bd6 39. R7c6 Bc5 40. Qc4 Rd4
41. Qc2 Qd2 42. Qxd2 Rxd2 43. a4 Red8 44. Rf6 1/2-1/2

[Event "Xtracon Chess Open 2017"]
[Site "Helsingor DEN"]
[Date "2017.07.25"]
[Round "5.201"]
[White "Jacobsen, Stig Jerlow"]
[Black "Warston, Hakan"]
[Result "0-1"]
[WhiteElo "1209"]
[BlackElo "1623"]
[WhiteFideId "1519816"]
[BlackFideId "1717367"]
[EventDate "2017.07.22"]

1. d4 d5 2. Nf3 Nf6 3. e3 e6 4. Bd3 Be7 5. b3 O-O 6. Bb2 Nbd7 7. Nbd2 c5 8. c4
Nb6 9. cxd5 Nbxd5 10. Qc2 Nb4 11. Qb1 Nxd3+ 12. Qxd3 h6 13. O-O cxd4 14. Qxd4
Qa5 15. Nc4 Qh5 16. Nce5 Rd8 17. Qh4 Qf5 18. Qg3 Ne4 19. Qf4 Qxf4 20. exf4 Bd7
21. Rad1 Bb5 22. Rxd8+ Rxd8 23. Rc1 Bc5 24. g3 Bxf2+ 25. Kg2 Bb6 26. Nc4 Bc5 27.
Re1 Bc6 28. Na5 Bd5 29. Kh3 Nf2+ 30. Kg2 Nd3 31. Re2 Nxb2 32. Rxb2 Be4 33. Rc2
Bxc2 34. Nc4 Be4 35. Ne5 f6 36. Nc4 Rd3 37. Kh3 Bxf3 38. Kh4 g5+ 39. fxg5 hxg5+
40. Kh3 Rd7 0-1

[Event "Xtracon Chess Open 2017"]
[Site "Helsingor DEN"]
[Date "2017.07.25"]
[Round "5.202"]
[White "Easwaralingam, Janith"]
[Black "Joa, Vegard"]
[Result "1-0"]
[WhiteElo "1621"]
[BlackElo "1105"]
[WhiteFideId "1448560"]
[BlackFideId "1523490"]
[EventDate "2017.07.22"]

1. e4 e6 2. d4 d6 3. Nf3 g6 4. Bd3 Bg7 5. Nc3 Nd7 6. Be3 e5 7. Qd2 h6 8. h4 b6
9. O-O-O Ngf6 10. d5 Ng4 11. Ng1 Nxe3 12. Qxe3 h5 13. Kb1 Bb7 14. f3 c5 15. Nb5
Qf6 16. Nc7+ Ke7 17. Nxa8 Bxa8 18. Ne2 Bh6 19. Qf2 g5 20. hxg5 Bxg5 21. Ng3 Kd8
22. Nxh5 Qg6 23. Ng3 Bh4 24. Rh3 Nf6 25. Rdh1 Qg5 26. Qf1 Rh7 27. Nf5 Nh5 28. g4
Ng3 29. Nxg3 Qf4 30. Rxh4 Rxh4 31. Rxh4 Qxg3 32. Rh8+ Kc7 33. Rxa8 Kb7 34. Rf8
a6 35. Rxf7+ Ka8 36. Qh1 1-0

[Event "Xtracon Chess Open 2017"]
[Site "Helsingor DEN"]
[Date "2017.07.25"]
[Round "5.203"]
[White "Sather, Lars"]
[Black "Johansen, Paul Ivar"]
[Result "1-0"]
[WhiteElo "1661"]
[BlackElo "1301"]
[WhiteFideId "1501712"]
[BlackFideId "1508024"]
[EventDate "2017.07.22"]

1. e4 c6 2. f4 d5 3. exd5 cxd5 4. d4 Bf5 5. Bd3 Bxd3 6. Qxd3 Nf6 7. Nf3 h6 8.
Ne5 e6 9. O-O Bd6 10. Qb5+ Nbd7 11. Qxb7 Qb8 12. Qc6 Ke7 13. Qa4 Qb4 14. Nc6+ 1-0

[Event "Xtracon Chess Open 2017"]
[Site "Helsingor DEN"]
[Date "2017.07.25"]
[Round "5.204"]
[White "Fuglestein, Sander"]
[Black "Alisaari, Vellu"]
[Result "1-0"]
[WhiteElo "1626"]
[BlackElo "1286"]
[WhiteFideId "1536680"]
[BlackFideId "509701"]
[EventDate "2017.07.22"]

1. d4 f5 2. e4 fxe4 3. Nc3 Nf6 4. Bg5 g6 5. Bxf6 exf6 6. Nxe4 Bg7 7. Nf3 d5 8.
Ng3 O-O 9. Qd2 Re8+ 10. Be2 Nc6 11. O-O-O a6 12. h4 h5 13. Bd3 Kh7 14. Nxh5 Bh6
15. Nf4 f5 16. Ng5+ Kg8 17. Nxg6 Nxd4 18. c3 Nc6 19. f4 Bd7 20. Bc2 Bxg5 21.
hxg5 Be6 22. Rh6 Qd7 23. Qf2 Qg7 24. Qh4 Rad8 25. Rh8+ Kf7 26. Rh7 Rh8 27. Rxg7+
Kxg7 28. Nxh8 Rxh8 29. Qf2 Bf7 30. Bxf5 Bh5 31. Rxd5 Re8 32. Rd7+ Kf8 33. g4 Nb8
34. gxh5 Nxd7 35. Bxd7 Re7 36. Qc5 1-0

[Event "Xtracon Chess Open 2017"]
[Site "Helsingor DEN"]
[Date "2017.07.25"]
[Round "5.205"]
[White "Stage, Mathias Juul"]
[Black "Schouten, Ken Ronny"]
[Result "1/2-1/2"]
[WhiteElo "1544"]
[BlackElo "1225"]
[WhiteFideId "1463306"]
[BlackFideId "1533010"]
[EventDate "2017.07.22"]

1. Nf3 Nf6 2. g3 d6 3. Bg2 g6 4. d3 Bg7 5. O-O O-O 6. Nc3 c5 7. Bg5 h6 8. Bd2
Nc6 9. Qc1 Kh7 10. e4 Be6 11. Re1 Ng4 12. a4 Qd7 13. a5 a6 14. Na4 Qc7 15. Nb6
Rad8 16. h3 Nge5 17. Nxe5 Nxe5 18. f4 Nd7 19. g4 Nxb6 20. axb6 Qxb6 21. Ba5 Qxb2
22. Qxb2 Bxb2 23. Bxd8 Rxd8 24. Rab1 Bd4+ 25. Kh1 Rb8 26. e5 b5 27. exd6 exd6
28. c4 b4 29. Rb3 a5 30. Bc6 Bc8 31. Re8 f5 32. gxf5 gxf5 33. Kh2 Kg7 34. Bd7
Bxd7 35. Rxb8 a4 36. Rb1 Be3 37. Rb7 Bxf4+ 38. Kg2 a3 39. Rb3 Be5 40. Rxd7+ Kf6
41. Ra7 f4 42. Kf3 Kf5 43. Raxa3 bxa3 44. Rxa3 Bf6 45. Ra7 Be5 46. Rf7+ Bf6 47.
Rf8 h5 48. Rf7 Ke5 49. h4 Bxh4 50. Rxf4 Bf6 51. Re4+ Kf5 52. Re1 h4 1/2-1/2

[Event "Xtracon Chess Open 2017"]
[Site "Helsingor DEN"]
[Date "2017.07.25"]
[Round "5.206"]
[White "Hjornevik, Oyvind"]
[Black "Joa, Sander"]
[Result "1-0"]
[WhiteElo "1365"]
[BlackElo "1480"]
[WhiteFideId "1516159"]
[BlackFideId "1523481"]
[EventDate "2017.07.22"]

1. c4 e5 2. g3 Bc5 3. Bg2 f5 4. d3 Nf6 5. Nc3 c6 6. Rb1 a5 7. a3 Na6 8. e3 O-O
9. d4 exd4 10. exd4 Bd6 11. c5 Re8+ 12. Nge2 Bc7 13. b4 axb4 14. axb4 b6 15. b5
Nb8 16. bxc6 dxc6 17. cxb6 Bxb6 18. Qb3+ Nd5 19. Bxd5+ cxd5 20. Qxb6 Qxb6 21.
Rxb6 Ra1 22. Rb1 Rxb1 23. Nxb1 Ba6 24. Be3 Nc6 25. Nbc3 Nb4 26. Kd2 Bxe2 27.
Nxe2 Kf7 28. Rb1 Rb8 29. Nf4 Rb5 30. Nd3 g6 31. Rxb4 Rxb4 32. Nxb4 Ke6 33. Bg5
h5 34. f4 Kd6 35. Kc3 Ke6 36. Na6 Kd7 37. Kb4 Kc6 38. Nb8+ Kc7 39. Kc5 Kxb8 40.
Kxd5 Kc7 41. Ke6 Kc6 42. d5+ Kc5 43. d6 Kd4 44. d7 Ke4 45. d8=Q Kf3 46. Qd2 Kg4
47. Bh4 Kh3 1-0

[Event "Xtracon Chess Open 2017"]
[Site "Helsingor DEN"]
[Date "2017.07.25"]
[Round "5.207"]
[White "Hestholm, Freddy"]
[Black "Bredeli, Havard Iversen"]
[Result "0-1"]
[WhiteElo "1249"]
[BlackElo "1443"]
[WhiteFideId "1529951"]
[BlackFideId "1514440"]
[EventDate "2017.07.22"]

1. e4 e6 2. d4 d5 3. exd5 exd5 4. c4 Nf6 5. Nf3 Nc6 6. Be3 Be6 7. b3 Ne4 8. Bd3
Bb4+ 9. Nbd2 Nxd2 10. Nxd2 Bxd2+ 11. Qxd2 dxc4 12. Bxc4 Bxc4 13. bxc4 Qf6 14.
O-O b6 15. Rfe1 O-O-O 16. d5 Na5 17. Rac1 Qf5 18. Qc3 Nb7 19. Qa3 Kb8 20. Qa6
Rd6 21. Qb5 Qd7 22. Qa6 Re8 23. Rc3 Nc5 24. Qa3 Qa4 25. Rb3 Qxa3 26. Rxa3 Nd7
27. Rb3 Ne5 28. c5 Rxd5 29. cxb6 cxb6 30. Bf4 Ra5 31. Rbe3 Kb7 32. Rc1 f6 33.
Rec3 Re7 34. Bd2 Rxa2 35. Rd1 b5 36. Re3 Rd7 37. Re2 Nc4 38. Rb1 Raxd2 39. Rxb5+
Ka6 40. Rb1 Rd1+ 0-1

[Event "Xtracon Chess Open 2017"]
[Site "Helsingor DEN"]
[Date "2017.07.25"]
[Round "5.208"]
[White "Jensen, Johannes Frank"]
[Black "Gade, Jens"]
[Result "1-0"]
[WhiteElo "1170"]
[BlackElo "1523"]
[WhiteFideId "1457942"]
[BlackFideId "1416111"]
[EventDate "2017.07.22"]

1. d4 d5 2. Nc3 Nf6 3. Nf3 Bf5 4. Bg5 e6 5. e3 Be7 6. Bxf6 Bxf6 7. Be2 O-O 8.
O-O Nd7 9. Qd2 c5 10. Bd3 Bxd3 11. cxd3 cxd4 12. exd4 Rc8 13. Ne2 Re8 14. h3 h6
15. Rac1 Nb6 16. Rxc8 Nxc8 17. Ne5 Qd6 18. Qe3 Nb6 19. Ng4 Bg5 20. f4 Be7 21.
Qg3 Kh7 22. Ne5 Rf8 23. Nc3 Qb4 24. Nd1 Qxd4+ 25. Kh1 Qa4 26. a3 Nd7 27. Nf3 Rc8
28. Nc3 Qb3 29. Nd1 Qxd3 30. Ng5+ hxg5 31. Qxd3+ g6 32. Nc3 gxf4 33. Rxf4 Ne5
34. Qd4 f6 35. Rh4+ Kg7 36. Qd2 Rg8 37. Qh6+ Kf7 38. Qd2 Rg7 39. Qh6 a6 40. Qh8
Bf8 41. Rh7 Nd3 42. Kg1 Nxb2 43. Rxg7+ Bxg7 44. Qb8 Nc4 45. Qxb7+ Kg8 46. Qxa6 1-0

[Event "Xtracon Chess Open 2017"]
[Site "Helsingor DEN"]
[Date "2017.07.25"]
[Round "5.210"]
[White "Erikstad, Anders"]
[Black "Thybo, Jan"]
[Result "1-0"]
[WhiteElo "1166"]
[BlackElo "1330"]
[WhiteFideId "1530445"]
[BlackFideId "1438824"]
[EventDate "2017.07.22"]

1. d4 g6 2. c3 Bg7 3. Nf3 d6 4. Bf4 Nf6 5. Nbd2 Bf5 6. e3 Ne4 7. Be2 O-O 8. O-O
d5 9. Be5 f6 10. Bf4 Nd7 11. h3 e5 12. Bh2 Be6 13. Bd3 Nxd2 14. Nxd2 e4 15. Be2
f5 16. Qb3 Qc8 17. a4 Nf6 18. a5 Nh5 19. a6 b6 20. Rfc1 f4 21. Bxh5 Bxh3 22. Be2
f3 23. Qxd5+ Kh8 24. gxf3 Rxf3 25. Bxf3 exf3 26. Qxf3 Bg4 27. Qg3 Qf5 28. Qf4
Qd7 29. Qxc7 Qe6 30. Be5 Bxe5 31. Qxe5+ Qxe5 32. dxe5 Rf8 33. Ra4 Be2 34. e6 Rf5
35. e7 Bb5 36. Re4 Rg5+ 37. Kh2 Rh5+ 38. Kg3 Be8 39. Nc4 Kg7 40. Rf4 Rg5+ 41.
Kf3 Bc6+ 42. Ke2 Bb5 43. Re4 Kf7 44. Rd1 Bxc4+ 45. Rxc4 Kxe7 46. Re4+ Kf6 47.
Rf4+ Kg7 48. Rd7+ Kh6 49. Rxa7 Ra5 50. Rf8 Kg5 51. Raa8 h5 52. Rf4 h4 53. Kf3
Ra2 54. a7 Ra1 55. Kg2 b5 56. Rf7 Kg4 57. Rg8 h3+ 58. Kh2 g5 59. a8=Q Rg1 60.
Qf3+ 1-0

[Event "Xtracon Chess Open 2017"]
[Site "Helsingor DEN"]
[Date "2017.07.25"]
[Round "5.211"]
[White "Cort Maleeva Hansen, Daniel Alexander"]
[Black "Kvamme, Thomas Jordre"]
[Result "1/2-1/2"]
[WhiteElo "1166"]
[BlackElo "1327"]
[WhiteFideId "1462644"]
[BlackFideId "1523368"]
[EventDate "2017.07.22"]

1. e4 c5 2. Nf3 d6 3. Nc3 Nf6 4. d4 cxd4 5. Nxd4 g6 6. Be2 Bg7 7. Bg5 Nc6 8. Bb5
Bd7 9. Nxc6 bxc6 10. Bc4 c5 11. Qf3 Be6 12. Bd5 Bxd5 13. exd5 Rb8 14. b3 Qa5 15.
O-O O-O 16. Rfe1 Rfe8 17. Re2 Nxd5 18. Qxd5 Bxc3 19. Rd1 1/2-1/2

[Event "Xtracon Chess Open 2017"]
[Site "Helsingor DEN"]
[Date "2017.07.25"]
[Round "5.212"]
[White "Wahlgreen, Noah"]
[Black "Huse, Lars Paul"]
[Result "1-0"]
[WhiteElo "1315"]
[BlackElo "1163"]
[WhiteFideId "1457349"]
[BlackFideId "1526537"]
[EventDate "2017.07.22"]

1. e4 c5 2. f4 d6 3. Nf3 Nc6 4. d4 Bg4 5. d5 Nd4 6. Nxd4 Bxd1 7. Bb5+ Qd7 8.
Bxd7+ Kxd7 9. Kxd1 Nf6 10. Nf3 Nxe4 11. Re1 f5 12. b3 Nf6 13. c4 Rg8 14. Ng5 g6
15. Ne6 Bh6 16. Nc3 Ne8 17. Ba3 a6 18. Na4 Kc8 19. Nb6+ Kb8 20. Nxa8 Kxa8 21. g3
Nf6 22. Nxc5 dxc5 23. Bxc5 Ne4 24. Bxe7 Bg7 25. Rc1 Bd4 26. d6 Bc5 27. Rc2 Bxd6
28. Bxd6 Nxd6 29. Rce2 Ne4 30. Rxe4 fxe4 31. Rxe4 Rd8+ 32. Kc2 Rd7 33. c5 Kb8
34. g4 Kc7 35. f5 gxf5 36. gxf5 Kc6 37. f6 Kxc5 38. Re7 Kd6 39. Re3 Rf7 40. Rh3
Ke6 41. Rh6 Kf5 42. h4 Rc7+ 43. Kb2 Ke6 44. f7+ Ke7 45. Rxh7 Kf8 46. Rh8+ Kg7
47. f8=Q+ 1-0

[Event "Xtracon Chess Open 2017"]
[Site "Helsingor DEN"]
[Date "2017.07.25"]
[Round "5.213"]
[White "Hinrichs, Kurt"]
[Black "Schjolin, John"]
[Result "0-1"]
[WhiteElo "1277"]
[BlackElo "1145"]
[WhiteFideId "12994057"]
[BlackFideId "1439413"]
[EventDate "2017.07.22"]

1. d4 d5 2. Bf4 Bf5 3. e3 Nf6 4. c3 e6 5. Nd2 a6 6. Ngf3 h6 7. h3 c5 8. Qb3 Qd7
9. Ne5 c4 10. Qd1 Qe7 11. Be2 Nbd7 12. O-O Nxe5 13. Bxe5 Qd8 14. Rb1 Bxb1 15.
Qxb1 b5 16. b4 Bd6 17. Nf3 Bxe5 18. Nxe5 Ne4 19. Qc1 O-O 20. Nc6 Qc7 21. Na5
Rab8 22. Bf3 f5 23. a3 Rb6 24. g3 Rf6 25. h4 g6 26. Bxe4 fxe4 27. Qd1 Rf3 28.
Kg2 Qf7 29. Qe2 Qf5 30. Rh1 h5 31. Rh3 Kg7 32. Kf1 Qxh3+ 0-1

[Event "Xtracon Chess Open 2017"]
[Site "Helsingor DEN"]
[Date "2017.07.26"]
[Round "6.1"]
[White "Bosiocic, Marin"]
[Black "Urkedal, Frode"]
[Result "1/2-1/2"]
[WhiteTitle "GM"]
[BlackTitle "GM"]
[WhiteElo "2616"]
[BlackElo "2543"]
[WhiteFideId "14507927"]
[BlackFideId "1506102"]
[EventDate "2017.07.22"]

1. d4 Nf6 2. c4 e6 3. Nf3 b6 4. g3 Ba6 5. Qc2 Bb7 6. Bg2 c5 7. d5 exd5 8. cxd5
Nxd5 9. O-O Be7 10. Rd1 Nc6 11. Qa4 Nf6 12. Nh4 O-O 13. Nf5 d5 14. Nc3 Nd4 15.
Nxd4 cxd4 16. Rxd4 Bc5 17. Rd1 Qe8 18. Qxe8 Rfxe8 19. a3 Ne4 20. Nxe4 dxe4 21.
Bf4 Rad8 22. Rac1 a5 23. h4 f5 24. e3 Bc8 25. Rxd8 Rxd8 26. g4 fxg4 27. Bxe4 Be6
28. Kg2 Bd5 29. Bxd5+ Rxd5 30. e4 Rd3 31. h5 a4 32. Rc4 Rd4 33. Rxd4 Bxd4 34.
Bc1 Kf7 35. f3 gxf3+ 36. Kxf3 Ke6 37. Ke2 b5 38. Kd3 Bf6 39. Kc2 Ke5 40. Kc3
Kxe4+ 41. Kb4 h6 42. b3 axb3 43. Kxb3 Be7 44. Bb2 Bf8 45. Bc3 Kf5 46. Bd2 Be7
47. Bc3 Bf6 48. Bb4 Kg4 49. Bc5 Kxh5 50. Kb4 Kg4 51. Kxb5 h5 52. a4 h4 53. a5 h3
54. Bd6 Bd4 55. a6 Bf2 56. Bc7 g5 57. Bd6 Kh4 58. Kc4 g4 59. Be7+ Kh5 60. Bd6
Kg5 61. Bg3 Kf5 62. Kd3 Ba7 63. Bh2 Bb6 64. Bg3 Bf2 65. Ke2 Bb6 66. Kd3 Ba7 67.
Bh2 Ke6 68. Ke4 Kd7 1/2-1/2

[Event "Xtracon Chess Open 2017"]
[Site "Helsingor DEN"]
[Date "2017.07.26"]
[Round "6.2"]
[White "Sunilduth Lyna, Narayanan"]
[Black "Vitiugov, Nikita"]
[Result "1/2-1/2"]
[WhiteTitle "GM"]
[BlackTitle "GM"]
[WhiteElo "2564"]
[BlackElo "2724"]
[WhiteFideId "5058422"]
[BlackFideId "4152956"]
[EventDate "2017.07.22"]

1. d4 Nf6 2. c4 e6 3. Nf3 Bb4+ 4. Nbd2 O-O 5. a3 Be7 6. e4 d6 7. Be2 c5 8. d5
Nbd7 9. O-O e5 10. Ne1 Ne8 11. Nd3 g6 12. b4 b6 13. Bb2 Ng7 14. Kh1 f5 15. f4
exf4 16. Rxf4 Bf6 17. Bxf6 Nxf6 18. e5 dxe5 19. Nxe5 Qd6 20. Nd3 Re8 21. Rf1 Bd7
22. bxc5 bxc5 23. Nb3 Rac8 24. Qd2 Ne4 25. Qf4 Qxf4 26. Nxf4 Ba4 27. Na5 Nd6 28.
Bd3 g5 29. Ne6 Nxe6 30. dxe6 Rxe6 31. Bxf5 Nxf5 32. Rxf5 h6 33. Kg1 Rc7 34. Rf3
Rb6 35. Re1 Rd7 36. h3 Ra6 1/2-1/2

[Event "Xtracon Chess Open 2017"]
[Site "Helsingor DEN"]
[Date "2017.07.26"]
[Round "6.3"]
[White "Shabalov, Alexander"]
[Black "Jobava, Baadur"]
[Result "0-1"]
[WhiteTitle "GM"]
[BlackTitle "GM"]
[WhiteElo "2549"]
[BlackElo "2714"]
[WhiteFideId "2008572"]
[BlackFideId "13601520"]
[EventDate "2017.07.22"]

1. e4 e5 2. Nf3 Nf6 3. Nxe5 d6 4. Nc4 Nxe4 5. Qe2 d5 6. d3 Be6 7. dxe4 dxc4 8.
Nd2 Nc6 9. Nxc4 Qh4 10. c3 O-O-O 11. g3 Qf6 12. f4 Bc5 13. Ne3 g5 14. f5 Ne5 15.
Ng4 Nxg4 16. Qxg4 h6 17. h4 Rhe8 18. Be2 Bc4 19. hxg5 Qd6 20. f6+ Kb8 21. Bf4
Qb6 22. b3 Rxe4 23. bxc4 hxg5 24. Qf3 Rxe2+ 25. Qxe2 gxf4 26. Rd1 Rxd1+ 27. Qxd1
Qxf6 28. Qf3 Be3 29. gxf4 Qxc3+ 30. Ke2 Qd2+ 31. Kf1 a5 32. Rh8+ Ka7 33. Rh5 Bd4
34. Rd5 c6 35. Rd7 Qc1+ 36. Kg2 Qxc4 37. Qe4 Qxa2+ 38. Kh3 Qb3+ 39. Kg4 c5 40.
f5 a4 41. Qe1 Qb5 42. Rd8 a3 43. Qd2 Bf6 0-1

[Event "Xtracon Chess Open 2017"]
[Site "Helsingor DEN"]
[Date "2017.07.26"]
[Round "6.4"]
[White "Sasikiran, Krishnan"]
[Black "Kvon, Andrey"]
[Result "1-0"]
[WhiteTitle "GM"]
[BlackTitle "IM"]
[WhiteElo "2688"]
[BlackElo "2500"]
[WhiteFideId "5004985"]
[BlackFideId "14201356"]
[EventDate "2017.07.22"]

1. e4 e5 2. Nf3 Nc6 3. Bb5 a6 4. Ba4 Nf6 5. O-O Nxe4 6. d4 b5 7. Bb3 d5 8. dxe5
Be6 9. Be3 Bc5 10. Qe2 Qe7 11. Rd1 Rd8 12. Nbd2 Bxe3 13. Qxe3 Nc5 14. c3 O-O 15.
Nd4 Qd7 16. f4 Ne7 17. Bc2 Na4 18. b3 Nb6 19. b4 Qc8 20. Rf1 c5 21. bxc5 Qxc5
22. f5 Bc8 23. f6 Ng6 24. fxg7 Rfe8 25. Bxg6 fxg6 26. e6 Na4 27. Rae1 Bxe6 28.
N2b3 Qb6 29. Qf4 Bf5 30. g4 Rxe1 31. Rxe1 Be4 32. Rf1 Kxg7 33. Qf7+ Kh8 34. Qe7
h5 35. Rf7 1-0

[Event "Xtracon Chess Open 2017"]
[Site "Helsingor DEN"]
[Date "2017.07.26"]
[Round "6.5"]
[White "Hillarp Persson, Tiger"]
[Black "Short, Nigel D"]
[Result "0-1"]
[WhiteTitle "GM"]
[BlackTitle "GM"]
[WhiteElo "2509"]
[BlackElo "2688"]
[WhiteFideId "1700812"]
[BlackFideId "400025"]
[EventDate "2017.07.22"]

1. d4 e6 2. c4 Bb4+ 3. Nc3 c5 4. e3 b6 5. Ne2 Bb7 6. a3 Ba5 7. Bd2 Bxc3 8. Bxc3
Nf6 9. Ng3 cxd4 10. Qxd4 Nc6 11. Qf4 Qe7 12. O-O-O e5 13. Qf3 Na5 14. Qf5 d6 15.
b4 Nc6 16. Qd3 O-O-O 17. Nf5 Qc7 18. Nxg7 Kb8 19. e4 Ne7 20. f3 d5 21. exd5
Nfxd5 22. cxd5 Nxd5 23. Qc4 Nxc3 24. Qxc7+ Kxc7 25. Rd2 Kb8 26. Nf5 e4 27. f4
Nd5 28. Bc4 Nxf4 29. Rf1 Rxd2 30. Kxd2 Rd8+ 31. Kc3 Nxg2 32. Be2 f6 33. Nd4 Ne3
34. Rf2 Nd5+ 35. Kb2 Nxb4 36. Ne6 Nd3+ 37. Bxd3 Rxd3 0-1

[Event "Xtracon Chess Open 2017"]
[Site "Helsingor DEN"]
[Date "2017.07.26"]
[Round "6.6"]
[White "Delorme, Axel"]
[Black "Saric, Ivan"]
[Result "1/2-1/2"]
[WhiteTitle "IM"]
[BlackTitle "GM"]
[WhiteElo "2518"]
[BlackElo "2621"]
[WhiteFideId "632023"]
[BlackFideId "14508150"]
[EventDate "2017.07.22"]

1. Nf3 Nf6 2. g3 d5 3. Bg2 c6 4. d3 Bg4 5. O-O e6 6. h3 Bxf3 7. exf3 g6 8. f4
Bg7 9. Nd2 O-O 10. Nf3 Nbd7 11. Re1 Ne8 12. Ne5 Qc7 13. d4 Nd6 14. c3 Rfd8 15.
a4 c5 16. Bf1 Rac8 17. a5 cxd4 18. cxd4 Nf5 19. a6 bxa6 20. Rxa6 Nb8 21. Ra4 Nc6
22. Be3 Qb6 23. Ra6 Qb7 24. Qa4 Nxe5 25. fxe5 Nxe3 26. Rxe3 Qxb2 27. Rxa7 Rc1
28. Kg2 Qb1 29. Qa6 Rf8 30. Rf3 Qe4 31. Qd3 Qxd3 32. Bxd3 Rd1 33. Re7 f6 34.
exf6 Rxf6 35. Be2 Rd2 36. Rxf6 Bxf6 37. Rxe6 Kf7 38. Re3 Bxd4 39. Rd3 Rxe2 40.
Rxd4 Ke6 41. Kf3 Re1 42. Rh4 h5 43. Ra4 Ke5 44. h4 d4 45. Ra5+ Kd6 46. Kf4 Re8
47. f3 Kc6 48. Kg5 d3 49. Ra1 Re3 50. Kxg6 Rxf3 51. Kxh5 Rxg3 52. Kh6 Kd5 53. h5
Ke5 54. Rd1 Kf5 55. Kh7 Re3 56. h6 Re7+ 57. Kg8 Kg6 58. Kf8 Rf7+ 59. Ke8 Rf3 60.
Ke7 Kxh6 1/2-1/2

[Event "Xtracon Chess Open 2017"]
[Site "Helsingor DEN"]
[Date "2017.07.26"]
[Round "6.7"]
[White "Rosen, Eric S"]
[Black "Agdestein, Simen"]
[Result "1-0"]
[WhiteTitle "IM"]
[BlackTitle "GM"]
[WhiteElo "2369"]
[BlackElo "2604"]
[WhiteFideId "2032562"]
[BlackFideId "1500015"]
[EventDate "2017.07.22"]

1. d4 d5 2. Bf4 Nf6 3. e3 c5 4. Nf3 cxd4 5. exd4 Qb6 6. Nc3 Bd7 7. Ne5 a6 8. Qf3
e6 9. O-O-O Nc6 10. Nxc6 Bxc6 11. g4 Qa5 12. Kb1 b5 13. Bd3 b4 14. Ne2 Ne4 15.
Ng3 Nc3+ 16. bxc3 bxc3 17. Ka1 Ba3 18. Rb1 Bb2+ 19. Rxb2 cxb2+ 20. Kb1 O-O 21.
g5 f5 22. gxf6 Rxf6 23. Nh5 Rf7 24. Rg1 Bb5 25. Nxg7 Rxg7 26. Rxg7+ Kxg7 27.
Be5+ Kg8 28. Bxh7+ 1-0

[Event "Xtracon Chess Open 2017"]
[Site "Helsingor DEN"]
[Date "2017.07.26"]
[Round "6.8"]
[White "Vocaturo, Daniele"]
[Black "Christiansen, Johan-Sebastian"]
[Result "1-0"]
[WhiteTitle "GM"]
[BlackTitle "IM"]
[WhiteElo "2592"]
[BlackElo "2471"]
[WhiteFideId "813192"]
[BlackFideId "1512668"]
[EventDate "2017.07.22"]

1. c4 e5 2. g3 c6 3. Nf3 e4 4. Nd4 Nf6 5. Bg2 Qb6 6. Nc2 d5 7. O-O Bf5 8. d3
Nbd7 9. cxd5 cxd5 10. Nc3 Bg6 11. Be3 Qa6 12. dxe4 dxe4 13. Nd4 Bd6 14. Ndb5 Bb8
15. a4 Qe6 16. Nd4 Qa6 17. Qc2 Ng4 18. Nd5 Be5 19. Bf4 Qd6 20. Bxe5 Qxe5 21.
Nc7+ Ke7 22. Nxa8 Qxd4 23. Rad1 Qe5 24. Qc7 Nf6 25. Qxb7 Rb8 26. Qxa7 Rxb2 27.
a5 Ra2 28. Nb6 Bf5 29. Nc4 Qc3 30. Qd4 Qb3 31. Nd6 Be6 32. Nxe4 Rxa5 33. Qd6+
Ke8 34. Nxf6+ gxf6 35. Bc6 Ra7 36. Rb1 1-0

[Event "Xtracon Chess Open 2017"]
[Site "Helsingor DEN"]
[Date "2017.07.26"]
[Round "6.9"]
[White "Motylev, Alexander"]
[Black "Kaasen, Tor Fredrik"]
[Result "1-0"]
[WhiteTitle "GM"]
[BlackTitle "FM"]
[WhiteElo "2680"]
[BlackElo "2409"]
[WhiteFideId "4121830"]
[BlackFideId "1516647"]
[EventDate "2017.07.22"]

1. e4 e5 2. Nf3 Nc6 3. Bb5 a6 4. Ba4 Nf6 5. O-O Be7 6. Re1 b5 7. Bb3 d6 8. c3
O-O 9. h3 Bb7 10. d4 Nd7 11. a4 Na5 12. Bc2 exd4 13. cxd4 c5 14. axb5 axb5 15.
Nc3 b4 16. Nd5 Bxd5 17. exd5 Nf6 18. dxc5 dxc5 19. Bg5 Qd6 20. Ne5 Nb7 21. Rxa8
Rxa8 22. Nc4 Qd8 23. d6 Bxd6 24. Bxf6 Qxf6 25. Be4 Na5 26. Qxd6 Qxd6 27. Nxd6
Rd8 28. Nb7 Nxb7 29. Bxb7 g6 30. Ba6 1-0

[Event "Xtracon Chess Open 2017"]
[Site "Helsingor DEN"]
[Date "2017.07.26"]
[Round "6.10"]
[White "Miedema, David"]
[Black "Hammer, Jon Ludvig"]
[Result "0-1"]
[WhiteTitle "IM"]
[BlackTitle "GM"]
[WhiteElo "2373"]
[BlackElo "2628"]
[WhiteFideId "1018477"]
[BlackFideId "1503707"]
[EventDate "2017.07.22"]

1. e4 c6 2. d4 d5 3. e5 Bf5 4. Nd2 e6 5. Nb3 Nd7 6. Nf3 c5 7. Nxc5 Bxc5 8. dxc5
Qa5+ 9. c3 Qxc5 10. Qa4 Ne7 11. Bb5 Qc8 12. Bg5 a6 13. Qb4 Qd8 14. Be2 h6 15.
Bh4 g5 16. Bg3 Qb6 17. Qxb6 Nxb6 18. h4 g4 19. Nd4 h5 20. Bf4 Be4 21. f3 gxf3
22. gxf3 Bg6 23. Rg1 Rc8 24. Bg5 Rg8 25. Kf2 Na4 26. Nb5 Nf5 27. Bd3 Nxb2 28.
Bxf5 axb5 29. Bxg6 Rxg6 30. f4 Rxc3 31. Rab1 Rc2+ 32. Ke3 Kd7 33. Rgc1 Nc4+ 34.
Kd4 Rd2+ 35. Kc5 Rg8 36. Kxb5 Ra8 37. a4 Ra2 38. Kc5 b6+ 39. Kd4 R8xa4 40. Kc3
Nd2 0-1